| 000 | 00449 a2200157 4500 | ||
|---|---|---|---|
| 999 |
_c29851 _d29851 |
||
| 003 | NUST | ||
| 005 | 20180118122754.0 | ||
| 008 | 180118b xxu||||| |||| 00| 0 eng d | ||
| 020 | _a9812706453 | ||
| 020 | _a9789812706454 | ||
| 082 | _a530 | ||
| 100 | 1 |
_aHuang, Kerson. _98654 |
|
| 245 | 1 | 0 |
_aFundamental forces of nature : _bthe story of gauge fields / _cKerson Huang. |
| 260 |
_a[S.l.] : _bWorld Scientific Publishing Company, _c2007. |
||
| 300 |
_a284 p. ; _c23 cm. |
||
| 700 |
_aHuang, Kerson. _98654 |
||
| 942 |
_aSNS _cBK _k530 HUA _2ddc |
||